LEADER 01771cam0-22006251i-450- 001 990006234760403321 005 20150622124901.0 010 $a88-15-04651-8 035 $a000623476 035 $aFED01000623476 035 $a(Aleph)000623476FED01 035 $a000623476 100 $a20000112d1994----km-y0itay50------ba 101 0 $aita 102 $aIT 105 $ay-------001yy 200 1 $a<>stato sociale tra crisi e riforme$eil caso Italia$fGiuliano Cazzola 210 $aBologna$cil Mulino$d1994 215 $a272 p.$d21 cm 225 1 $aStudi e ricerche$v237 300 $aIn copertina : Previdenza, assistenza, sanità: come conciliare deficit pubblico e solidarietà sociale 610 0 $aAssistenza sanitaria 610 0 $aAssistenza sociale$aItalia 610 0 $aWelfare State$aItalia 610 0 $aItalia$aPolitica sociale 610 0 $aPrevidenza sociale 676 $a342 676 $a344 676 $a361.610945 700 1$aCazzola,$bGiuliano$f<1941- >$0117330 801 0$aIT$bUNINA$gRICA$2UNIMARC 901 $aBK 912 $a990006234760403321 952 $aDP VII - 433$b13813$fDEC 952 $aCOLLEZ. 345 (337)$b28214*$fFGBC 952 $aM/4 CAZ$b15190$fSES 952 $aSE 108.05.13-$b4506$fDECSE 952 $aB-X-132$b39$fDDRC 952 $aXV G2 90$b561$fDTE 952 $aCOLLEZ. 103 (337)$b24962$fFSPBC 952 $aVI L 947$b3977$fDDA 952 $aXXVI 965$b403$fDDCIC 952 $aI3.65$b5857$fDECTS 959 $aDEC 959 $aDDA 959 $aFGBC 959 $aSES 959 $aDECSE 959 $aDDRC 959 $aDTE 959 $aFSPBC 959 $aDDCIC 959 $aDECTS 996 $aStato sociale tra crisi e riforme$9636368 997 $aUNINA LEADER 01687nam1 22004331i 450 001 TO00134747 005 20231121125835.0 100 $a20190708g1932 ||||0itac50 ba 101 | $agrc 102 $ade 181 1$6z01$ai $bxxxe 182 1$6z01$an 200 1 $aVitae$fPlutarchus$gediderunt Cl. Lindskog et K. Ziegler 210 $aLipsiae$cin aedibus B.G. Teubneri$d1932- 215 $av.$d17 cm 225 | $aBibliotheca scriptorum Graecorum et Romanorum Teubneriana 410 0$1001CFI0069176$12001 $aBibliotheca scriptorum Graecorum et Romanorum Teubneriana 463 1$1001RML0443681$12001 $a˜21: œLycurgus et Numa$fPlutarchus$gedit K. Ziegler 606 $aPlutarco . Vite parallele$xEdizioni critiche$2FIR$3RMLC445912$9E 676 $a920.037$9Biografie. Raccolte. Penisola italiana e territori limitrofi. Antichità.$v22 676 $a920.038$9Biografie. Raccolte. Grecia, fino al 323.$v22 700 0$aPlutarchus$3CFIV005487$4070$0439241 702 1$aZiegler$b, Konrat$3CFIV092041 702 1$aLindskog$b, Claes$3TO0V073845 790 0$aPloytarchoy$3CFIV259063$zPlutarchus 790 0$aPlutarque$3CFIV259064$zPlutarchus 790 0$aPlutarch$3CFIV259065$zPlutarchus 790 0$aPlutarth$3CFIV259066$zPlutarchus 790 0$aPlutarco$3CFIV259071$zPlutarchus 790 0$aPloutarkhos$3SBNV036198$zPlutarchus 801 3$aIT$bIT-01$c20190708 850 $aIT-FR0017 899 $aBiblioteca umanistica Giorgio Aprea$bFR0017 912 $aTO00134747 950 1$aBiblioteca umanistica Giorgio Aprea$d 52DLM BTG /Plu. /3 967 $m1 977 $a 52 996 $aVitae$93637663 997 $aUNICAS